000 00987nam0a22002771 4500
001 rc\3015111
005 20250806201140.0
035 _a(NLR Aleph) 007157453
090 _a6139
_c6139
100 _a20110925d1945 u y0rusy50 ca
101 0 _arus
102 _aRU
105 _aa z |||||
200 1 _aПамятка лесоруба по технике безопасности
_fН.Н. Завьялов
210 _aМосква
_cГослестехиздат
_d1945
_gтип. Профиздата
215 _a8 с.
_cил.
_d19 см
300 _aБез тит. л.
700 1 _aЗавьялов
_bН.Н.
_cспециалист по технике безопасности
_gНиколай Николаевич
_3RU\NLR\AUTH\770249445
801 0 _aRU
_bNLR
_gpsbo
801 1 _aRU
_bELAR
_2rusmarc
852 _aNLR
_bС
_j60 Г-4/93
942 _cBOOK
945 _aРоссийская национальная библиотека
980 _aNB
980 _aBV